000 01280 a2200229 4500
001 37961
005 20260407155645.0
008 260407a2006 arg spa d
003 AR-UNSa-BCEJYS
040 _aAR-UNSa-BCEJYS
_bspa
_cAR-UNSa-BCEJYS
080 _a339.543(094.4)
_xCódigo Aduanero
245 1 0 _aCódigo Aduanero de la República Argentina
_pedició actuaizada de la ley 22.415
020 _a978-950-20-1699-3
250 _a5a. ed
264 1 _aBuenos Aires :
_bLexis Nexis
_c2006
300 _a737 p.
_c22 cm.
505 _a1. Sujetos - 2. Control - 3. Importación - 4. Exportación - 5. Disposiciones comunes a la importación y exportación - 6. Regímenes especiales - 7. Áreas que no integran el territorio aduanero general - 8. Prohibiciones a la importación y exportación - 9. Tributos regidos por la legislación aduanera - 10. Estímulos a la exportación - 11. Reciprocidad de tratamiento - 12. Disposiciones penales - 13. Preferencias Aduaneras - 14. Procedimientos - 15. Disposiciones complemenatrias - 16. Disposiciones tranistorias.
942 _cBK
590 _aniveau_biblio:m niveau_hierar:0
100 1 _aArgentina (Código Aduanero)
856 4 1 _uhttps://biblioeco.unsa.edu.ar/pmb/images/libros/L116021_01.jpg
_yImagen de portada
_qimage/jpeg
999 _c2835
_d2835